000 002930000a22001330004500
003 MACL
040 _aMACL
090 _c32683
_d32681
100 _aGibson, Lindsay C.
245 _aWho You Were Meant to Be
260 _bMagna Publishing
_c2002
650 _aEducation
942 _cBOOK
_k370/Gib
999 _c32349
_d32349